000 00754nam a2200229 a 4500
001 48953
003 BD-RjUL
005 20211209054619.0
008 160817s1975 bg ||||| |||| 00| 0 ben d
035 _a(BD-RjUL)49072
040 _aBD-RjUL
_bben
_cBD-RjUL
041 _aben
082 _223
_a891.442
_bAZS 1975
100 _aআজাদ, আলাউদ্দিন আল
_9126066
245 _aসংবাদ শেষাংশ /
_cআলাউদ্দিন আল আজাদ
250 _a১ম সং
260 _aঢাকা :
_bমুক্তধার,
_c১৯৭৫.
300 _a১২৭ পৃ. ;
_c২১ সেমি.
650 _aবাংলা নাটক
_9147416
650 _aBengali Drama
_9147417
942 _2ddc
_cBK
999 _c48953
_d48953